Violenze antiche /

محفوظ في:

المؤلف الرئيسي: Foraboschi, Daniele (مؤلف)

مؤلفون آخرون: Bussi, Silvia

التنسيق: كتاب

اللغة: Italian

سلاسل: Philippika Marburger Altertumskundliche Abh. ; 127.
Philippika ; 127.

الموضوعات:

الوسوم: إضافة وسم

لا توجد وسوم, كن أول من يضع وسما على هذه التسجيلة!

رقم الطلب: DS41 .P28 v.127

LEADER 01264nam a22003737a 4500
003 OSt
005 20260205130126.0
008 260205t2018 gw a g b 001 0 ita d
010 |a 2018448508 
020 |a 9783447111454 (paperback) 
020 |a 3447111453 
040 |c ARCE Library 
043 |a e-gr---  |a e-it--- 
050 1 4 |a DS41  |b .P28 v.127 
100 1 |a Foraboschi, Daniele,  |e author 
245 1 0 |a Violenze antiche /  |c Daniele Foraboschi ; testo pubblicato postumo a cura di Silvia Bussi. 
264 1 |a Wiesbaden :  |b Harrassowitz Verlag,  |c 2018. 
300 |a vii, 127 pages :   |b illustrations ;   |c 24 cm. 
336 |a text  |b txt  |2 rdacontent 
337 |a unmediated  |b n  |2 rdamedia 
338 |a volume  |b nc  |2 rdacarrier 
490 1 |a Philippika Marburger Altertumskundliche Abh. ;   |v 127. 
490 1 |a Philippika ;   |v 127. 
504 |a Includes bibliographical references and index. 
650 0 |a Violence  |z Greece  |x History  |y To 1500. 
650 0 |a Violence  |z Rome  |x History. 
650 0 |a Violence  |x History  |y To 1500. 
650 0 |a Civilization, Greco-Roman. 
700 1 |a Bussi, Silvia, 
830 0 |a Philippika Marburger Altertumskundliche Abh. ;   |v 127. 
830 0 |a Philippika ;   |v 127. 
901 |a reviewed 
942 |c BK  |2 lcc 
999 |c 31217  |d 31217